Marketingová analýza a strategie pivního turismu

Pivný cestovný ruch predstavuje za posledných desať rokov jednu z najviac sa rozvýjajúcich foriem zážitkového gastronomického cestovného ruchu. Rozvoj minipivovarov s ich unikátnym sortimentom slúži ako hlavný podnet pri poznávaní jedinečných miest spojených s pivným cestovným ruchom. Priťahuje tým...

Ausführliche Beschreibung

Gespeichert in:
Bibliographische Detailangaben
1. Verfasser: Tvrzník, Pavel
Weitere Verfasser: Jeřábek, Tomáš, Málek, Zdeněk
Format: Buchkapitel
Sprache:Tschechisch
Schlagworte:
Tags: Tag hinzufügen
Keine Tags, Fügen Sie das erste Tag hinzu!

MARC

LEADER 00000naa a2200000 4500
001 0262649
005 20200226124951.8
041 0 |a cze 
044 |a CZ 
245 1 0 |a Marketingová analýza a strategie pivního turismu  |c Pavel Tvrzník, Tomáš Jeřábek, Zdeněk Málek 
520 |a Pivný cestovný ruch predstavuje za posledných desať rokov jednu z najviac sa rozvýjajúcich foriem zážitkového gastronomického cestovného ruchu. Rozvoj minipivovarov s ich unikátnym sortimentom slúži ako hlavný podnet pri poznávaní jedinečných miest spojených s pivným cestovným ruchom. Priťahuje tým pozornosť producentov piva a podporuje rozvoj národnej kultúry. Komparácia SWOT analýz pivného a vinárskeho cestovného ruchu. Návrh optimálnej marketingovej stratégie s cieľom maximálnej podpory rozvoja pivného cestovného ruchu. 
610 2 0 |a ruch cestovný zážitkový 
610 2 0 |a pivo 
610 2 0 |a pivovary 
610 2 0 |a víno 
610 2 0 |a analýza swot 
610 2 0 |a stratégia marketingová 
610 2 0 |a marketing 
610 2 0 |a Česko 
100 1 |a Tvrzník, Pavel 
700 1 |a Jeřábek, Tomáš 
700 1 |a Málek, Zdeněk